Entry Nombre personal
001 - NÚMERO DE CONTROL
- campo de control: 985
003 - IDENTIFICADOR DE NÚMERO DE CONTROL
- campo de control: AR-BaBN
005 - FECHA Y HORA DE LA ÚLTIMA TRANSACCIÓN
- campo de control: 20260328091106.0
008 - ELEMENTOS DE DATO DE LONGITUD-FIJA
- campo de control de longitud fija: 790621nn acznnaabn a aaa
016 7# - NÚMERO DE CONTROL DE UNA AGENCIA BIBLIOGRÁFICA NACIONAL
- Número de control del registro: 000047171
- Fuente: AR-BaBN
024 7# - IDENTIFICADOR DE OTROS ESTÁNDARES
- Número estándar o código: 17564
- Fuente: viaf
- URI de un objeto del mundo real: http://viaf.org/viaf/17564
040 ## - FUENTE DE CATALOGACIÓN
- Centro catalogador/agencia de origen: DLC
- Lengua de catalogación: spa
- Normas de descripción: rda
- Centro/agencia transcriptor: DLC
- Centro/agencia modificador: DLC
- Centro/agencia modificador: OCl
- Centro/agencia modificador: MoSpS-AV
- Centro/agencia modificador: OCoLC
- Centro/agencia modificador: DLC
- Centro/agencia modificador: OCoLC
- Centro/agencia modificador: Uk
- Centro/agencia modificador: NNC
- Centro/agencia modificador: UPB
- Centro/agencia modificador: TxAuHRH
- Centro/agencia modificador: DLC
- Centro/agencia modificador: AR-BaBN
- Normas de descripción: aacr
043 ## - CÓDIGO DE ÁREA GEOGRÁFICA
- Código de área geográfica: e-be---
046 ## - FECHAS CON CODIFICACIÓN ESPECIAL
- Fecha de nacimiento: 1903-02-13
- Fecha de la muerte: 1989-09-04
- Fuente del esquema de fecha: edtf
075 ## - TIPO DE ENTIDAD
- Término tipo de entidad: persona
- Fuente: rda
100 1# - ENCABEZAMIENTO-NOMBRE DE PERSONA
- Nombre de persona: Simenon, Georges,
- Fechas asociadas al nombre: 1903-1989
370 ## - LUGAR ASOCIADO
- Lugar de nacimiento: Liége (Bélgica)
- Lugar de fallecimiento: Lausanne (Suiza)
372 ## - CAMPO DE ACTIVIDAD
- Campo de actividad: Literatura
- Campo de actividad: Novela
- Campo de actividad: Periodismo
374 ## - OCUPACIÓN
- Ocupación: Escritores
- Ocupación: Periodistas
375 ## - GÉNERO/SEXO
- Género: Varón
377 ## - IDIOMA ASOCIADO
- Código del idioma: fre
- Término de lengua/lenguaje: francés
400 1# - TRAZADO DE VÉASE--NOMBRE DE PERSONA
- Nombre de persona: Kosta, Victor,
- Fechas asociadas al nombre: 1903-1989
400 1# - TRAZADO DE VÉASE--NOMBRE DE PERSONA
- Nombre de persona: Sandor, Jean,
- Fechas asociadas al nombre: 1903-1989
400 1# - TRAZADO DE VÉASE--NOMBRE DE PERSONA
- Nombre de persona: Simenon, Zhorzh,
- Fechas asociadas al nombre: 1903-1989
400 1# - TRAZADO DE VÉASE--NOMBRE DE PERSONA
- Nombre de persona: Simenon, Zh.
- Forma completa/desarrollada del nombre: (Zhorzh),
- Fechas asociadas al nombre: 1903-1989
400 1# - TRAZADO DE VÉASE--NOMBRE DE PERSONA
- Nombre de persona: Сименон, Жорж,
- Fechas asociadas al nombre: 1903-1989
400 1# - TRAZADO DE VÉASE--NOMBRE DE PERSONA
- Nombre de persona: 西姆農,
- Títulos y otros términos asociados al nombre: (比利時),
- Fechas asociadas al nombre: 1903-1989
670 ## - FUENTE DE DATOS ENCONTRADOS
- Cita de la fuente: His M. Gallet, décédé.
670 ## - FUENTE DE DATOS ENCONTRADOS
- Cita de la fuente: Shraĭber, E. L. Zhorzh Simenon, zhiznʹ i tvorchestvo, 1983:
- Información encontrada: t.p. (Zhorzh Simenon)
670 ## - FUENTE DE DATOS ENCONTRADOS
- Cita de la fuente: His Maigret and the Flemish shop, 1990:
- Información encontrada: CIP t.p. (Georges Simenon) data sheet (d. 1989)
670 ## - FUENTE DE DATOS ENCONTRADOS
- Cita de la fuente: Komissar Megrė, 1998:
- Información encontrada: t.p. (Zh. Simenon)
670 ## - FUENTE DE DATOS ENCONTRADOS
- Cita de la fuente: Panic [VR] 199-?, c1947:
- Información encontrada: opening credits (based on novel by Georges Simenon)
670 ## - FUENTE DE DATOS ENCONTRADOS
- Cita de la fuente: Internet movie database, Dec. 20, 2000:
- Información encontrada: (George Simenon; b. Feb. 13, 1903, Liège, Belgium; d. Sept. 4, 1989, Lausanne, Switzerland; 20th century's most widely published author)
670 ## - FUENTE DE DATOS ENCONTRADOS
- Cita de la fuente: Wikipedia, 16 Sept. 2008:
- Información encontrada: Georges Simenon page (Georges Joseph Christian Simenon (February 13, 1903-September 4, 1989) was a Belgian writer)
670 ## - FUENTE DE DATOS ENCONTRADOS
- Cita de la fuente: Gale Literature Resource Center WWW Site, 5 Sep. 2008:
- Información encontrada: French authors page (variant names: Georges Jacques Christian Simenon; Georges Joseph Chretien Simenon; Dersonnes, Jacques; Dorsange, Jean; Gom Gut; Kim; La Dehabilleuse; Monsieur Le Coq; Plick et Plock)
670 ## - FUENTE DE DATOS ENCONTRADOS
- Cita de la fuente: BnF, 30 Sept. 2008:
- Información encontrada: (Hdg.; Simenon, Georges, 1903-1989; refs.: Charles, J.-K, 1903-1989; Georges-Martin-Georges, 1903-1989; Martin-George, George, 1903-1989; Poum et Zette, 1903-1989; Viallis, Gaston, 1903-1989; Aramis, 1903-1989; Pertuis, Maurice, 1903-1989; Caraman, Georges, 1903-1989)
675 ## - FUENTE DE DATOS NO ENCONTRADOS
- Cita de la fuente: Brulls, Christian. La Maison des disparus, 2001: t.p. (Christian Brulls)